Tạp chí phát triển và hội nhập = Journal of development and integration Số 24
Trong số này trình bày Ngân sách & tăng trưởng, nghiên cứu & trao đổi, phát triển kinh tế địa phương.
محفوظ في:
| التنسيق: | كتاب |
|---|---|
| اللغة: | Vietnamese |
| منشور في: |
TP. Hồ Chí Minh
Trường Đại học Kinh tế Tài chính TP. HCM
2015
|
| الموضوعات: | |
| الوسوم: |
إضافة وسم
لا توجد وسوم, كن أول من يضع وسما على هذه التسجيلة!
|
| Thư viện lưu trữ: | Thư viện Trường Đại học Nam Cần Thơ |
|---|
| LEADER | 01005nam a22002177a 4500 | ||
|---|---|---|---|
| 001 | NCT_121992 | ||
| 008 | 220509b xxu||||| |||| 00| 0 vie d | ||
| 999 | |c 6243 |d 6243 | ||
| 022 | |a 1859-428X | ||
| 041 | |a vie | ||
| 082 | 0 | 4 | |2 23rd ed. |a 330 |b T109C |
| 245 | 0 | 0 | |a Tạp chí phát triển và hội nhập = |b Journal of development and integration |n Số 24 |c Trường Đại học Kinh tế Tài chính TP. HCM |
| 260 | |a TP. Hồ Chí Minh |b Trường Đại học Kinh tế Tài chính TP. HCM |c 2015 | ||
| 300 | |c 30cm | ||
| 310 | |a Hàng tháng | ||
| 362 | |a 09-10/2015 | ||
| 520 | 3 | |a Trong số này trình bày Ngân sách & tăng trưởng, nghiên cứu & trao đổi, phát triển kinh tế địa phương. | |
| 655 | |a Tạp chí | ||
| 942 | |2 ddc |c CR | ||
| 952 | |0 0 |1 0 |2 ddc |4 0 |6 330_000000000000000_T109C |7 0 |9 23786 |a 000001 |b 000001 |d 2022-05-11 |o 330 T109C |r 2022-05-11 |w 2022-05-11 |y CR | ||
| 980 | |a Thư viện Trường Đại học Nam Cần Thơ | ||